<?xml version="1.0" encoding="UTF-8"?>
<record
    xmlns:xsi="http://www.w3.org/2001/XMLSchema-instance"
    xsi:schemaLocation="http://www.loc.gov/MARC21/slim http://www.loc.gov/standards/marcxml/schema/MARC21slim.xsd"
    xmlns="http://www.loc.gov/MARC21/slim">

  <leader>01057nam0a2200325   4500</leader>
  <controlfield tag="001">RU\NLR\bibl\93526</controlfield>
  <controlfield tag="005">20260409070022.0</controlfield>
  <datafield tag="021" ind1=" " ind2=" ">
    <subfield code="a">RU</subfield>
    <subfield code="b">1998-44395</subfield>
    <subfield code="9">2130</subfield>
  </datafield>
  <datafield tag="035" ind1=" " ind2=" ">
    <subfield code="a">(NLR Aleph) 000091393</subfield>
  </datafield>
  <datafield tag="090" ind1=" " ind2=" ">
    <subfield code="a">512893</subfield>
    <subfield code="c">512893</subfield>
  </datafield>
  <datafield tag="100" ind1=" " ind2=" ">
    <subfield code="a">20000621d1998    |||y0rusy50      ca</subfield>
  </datafield>
  <datafield tag="101" ind1="0" ind2=" ">
    <subfield code="a">rus</subfield>
  </datafield>
  <datafield tag="102" ind1=" " ind2=" ">
    <subfield code="a">RU</subfield>
  </datafield>
  <datafield tag="105" ind1=" " ind2=" ">
    <subfield code="a">a   |||||||||</subfield>
  </datafield>
  <datafield tag="200" ind1="1" ind2=" ">
    <subfield code="a">&#x41E;&#x448;&#x438;&#x431;&#x43A;&#x430; &#x41A;. &#x41C;&#x430;&#x440;&#x43A;&#x441;&#x430;. &#x421;&#x442;&#x43E;&#x438;&#x43C;&#x43E;&#x441;&#x442;&#x44C; (&#x43E;&#x442;&#x43D;&#x43E;&#x441;&#x438;&#x442;&#x435;&#x43B;&#x44C;&#x43D;&#x43E;&#x441;&#x442;&#x44C; &#x43F;&#x43E;&#x43D;&#x44F;&#x442;&#x438;&#x44F;). &#x421;&#x443;&#x449;&#x43D;&#x43E;&#x441;&#x442;&#x44C; &#x434;&#x435;&#x43D;&#x435;&#x433;</subfield>
    <subfield code="f">&#x412;. &#x422;&#x443;&#x440;&#x431;&#x438;&#x43D;</subfield>
  </datafield>
  <datafield tag="210" ind1=" " ind2=" ">
    <subfield code="a">&#x41F;&#x435;&#x43D;&#x437;&#x430;</subfield>
    <subfield code="c">&#x411;.&#x438;.</subfield>
    <subfield code="d">1998</subfield>
  </datafield>
  <datafield tag="215" ind1=" " ind2=" ">
    <subfield code="a">63,[2] &#x441;.</subfield>
    <subfield code="c">&#x433;&#x440;&#x430;&#x444;.</subfield>
    <subfield code="d">21</subfield>
  </datafield>
  <datafield tag="320" ind1=" " ind2=" ">
    <subfield code="a">&#x411;&#x438;&#x431;&#x43B;&#x438;&#x43E;&#x433;&#x440;. &#x432; &#x442;&#x435;&#x43A;&#x441;&#x442;&#x435;</subfield>
  </datafield>
  <datafield tag="600" ind1=" " ind2="1">
    <subfield code="a">&#x41C;&#x430;&#x440;&#x43A;&#x441;</subfield>
    <subfield code="b">&#x41A;.</subfield>
    <subfield code="g">&#x41A;&#x430;&#x440;&#x43B;</subfield>
    <subfield code="2">psbo</subfield>
  </datafield>
  <datafield tag="606" ind1=" " ind2=" ">
    <subfield code="a">&#x414;&#x435;&#x43D;&#x44C;&#x433;&#x438;</subfield>
    <subfield code="3">RU\NLR\auth\66119889</subfield>
    <subfield code="9">1112435</subfield>
  </datafield>
  <datafield tag="606" ind1=" " ind2=" ">
    <subfield code="a">&#x421;&#x442;&#x43E;&#x438;&#x43C;&#x43E;&#x441;&#x442;&#x44C;</subfield>
    <subfield code="3">RU\NLR\auth\66550537</subfield>
    <subfield code="9">1324816</subfield>
  </datafield>
  <datafield tag="686" ind1=" " ind2=" ">
    <subfield code="a">&#x423;011.511.25</subfield>
  </datafield>
  <datafield tag="686" ind1=" " ind2=" ">
    <subfield code="a">&#x423;011.511.6</subfield>
  </datafield>
  <datafield tag="700" ind1=" " ind2="1">
    <subfield code="a">&#x422;&#x443;&#x440;&#x431;&#x438;&#x43D;</subfield>
    <subfield code="b">&#x412;. &#x412;.</subfield>
    <subfield code="4">070</subfield>
  </datafield>
  <datafield tag="801" ind1=" " ind2="0">
    <subfield code="a">RU</subfield>
    <subfield code="b">NLR</subfield>
    <subfield code="c">20000621</subfield>
    <subfield code="g">PSBO</subfield>
  </datafield>
  <datafield tag="801" ind1=" " ind2="1">
    <subfield code="a">RU</subfield>
    <subfield code="b">NLR</subfield>
    <subfield code="c">20000621</subfield>
  </datafield>
  <datafield tag="852" ind1=" " ind2=" ">
    <subfield code="a">NLR</subfield>
    <subfield code="j">99-4/9308</subfield>
  </datafield>
  <datafield tag="942" ind1=" " ind2=" ">
    <subfield code="c">BOOK</subfield>
  </datafield>
  <datafield tag="980" ind1=" " ind2=" ">
    <subfield code="a">NB</subfield>
  </datafield>
  <datafield tag="995" ind1=" " ind2=" ">
    <subfield code="5">2013-10-26</subfield>
    <subfield code="b">NLR01</subfield>
    <subfield code="c">NLR01</subfield>
    <subfield code="e">RF8</subfield>
    <subfield code="f">91393-10</subfield>
    <subfield code="k">99-4/9308</subfield>
    <subfield code="o">0</subfield>
    <subfield code="r">BOOK</subfield>
    <subfield code="s">9949308_</subfield>
  </datafield>
</record>
